|
|
|
|
| LEADER |
01349nam a2200361 a 4500 |
| 001 |
000254913 |
| 003 |
CZ BrMZK |
| 005 |
20230511131517.0 |
| 007 |
ta |
| 008 |
961001m19951996xr e d 0 cze d |
| 040 |
|
|
|a BOA001
|b cze
|
| 072 |
|
7 |
|a 676
|x Papírenský průmysl
|2 Konspekt
|9 19
|
| 072 |
|
7 |
|a 81
|x Lingvistika. Jazyky
|2 Konspekt
|9 11
|
| 080 |
|
|
|a 676.2.02
|2 MRF
|
| 080 |
|
|
|a 811.133.1
|2 MRF
|
| 080 |
|
|
|a 811.162.3
|2 MRF
|
| 080 |
|
|
|a 81'373.46
|2 MRF
|
| 080 |
|
|
|a 81'374.8-022.215
|2 MRF
|
| 080 |
|
|
|a (038)81
|2 MRF
|
| 100 |
1 |
|
|a Svatoň, Miloš
|7 mzk2009544275
|4 aut
|
| 245 |
1 |
0 |
|a Francouzsko-český odborný papírenský slovník /
|c sestavil: Miloš Svatoň.
|
| 260 |
|
|
|a Praha :
|b Svaz průmyslu papíru a celulózy,
|c 1995-1996
|
| 300 |
|
|
|a 135 s. ;
|c 21 cm
|
| 500 |
|
|
|a Samost. příl. čsp.: Papír a celulóza; 1995-1996. - Na tit. listu vroč. 1994
|
| 650 |
0 |
7 |
|a papírenský průmysl
|7 ph123952
|2 czenas
|
| 650 |
0 |
7 |
|a francouzština
|7 ph135297
|2 czenas
|
| 650 |
0 |
7 |
|a čeština
|7 ph135292
|2 czenas
|
| 650 |
0 |
7 |
|a oborová terminologie
|7 ph138998
|2 czenas
|
| 655 |
|
7 |
|a dvojjazyčné překladové slovníky
|7 fd208746
|2 czenas
|
| 655 |
|
7 |
|a terminologické slovníky
|7 fd202538
|2 czenas
|
| 910 |
|
|
|a BOA001
|b 2-1039.300
|
| 990 |
|
|
|a BK
|
| 996 |
6 |
|
|b 2610061652
|c 2-1039.300
|l MZK
|r Sklad / do 1 hodiny
|n 0
|p p.v.
|w 000254913
|u 000010
|a 1
|e BOA001
|j MZK50
|s P
|